Manuel de philosophie : rédigé conformément au dernier programme de la classe de Philosophie-Lettres /

Tallennettuna:
Bibliografiset tiedot
Päätekijä: Sortais, Gaston (autor)
Aineistotyyppi: Kirja
Kieli:ranska
Julkaistu: París, Francia : P. Lethielleux, 1907, c1907
Painos:3a edición
Aiheet:
Tagit: Lisää tagi
Ei tageja, Lisää ensimmäinen tagi!

MARC

LEADER 00000nam^a2200000^a^4500
001 000378687
005 20250526000000.0
009 20260310120504.199
037 |a Acervo Xavier Clavigero 
041 |a FRA 
082 |a 100.  |b SOR 
100 |a Sortais, Gaston  |e (autor) 
245 1 0 |a Manuel de philosophie :  |b rédigé conformément au dernier programme de la classe de Philosophie-Lettres /  |c G. Sortais. 
250 |a 3a edición 
264 4 |a París, Francia :  |b P. Lethielleux,  |c 1907, c1907 
300 |a XXX, 984 p. ;  |c 23.5 cm. 
336 |a texto  |b txt  |2 rdacontenido 
337 |a sin mediación  |b n  |2 rdamedio 
338 |a volumen  |b nc  |2 rdasoporte 
561 |a Ex libris manuscrito de Colleg. Angelop. Prov. Mex. 
649 |a XX 
650 |a Definición (Lógica) 
650 |a Deducción Lógica 
650 |a Idea -  |x Filosofía 
650 |a Hábitos -  |x Filosofía 
650 |a Voluntad -  |x Filosofía 
650 |a Razonamiento 
650 |a Abstracción -  |x Filosofía 
650 |a Memoria -  |x Filosofía 
650 |a Percepción -  |x Filosofía 
650 |a Inteligencia -  |x Filosofía 
650 |a Pasión 
650 |a Instintos -  |x Filosofía 
650 |a Sentimientos -  |x Filosofía 
650 |a Placer -  |x Filosofía 
650 |a Emoción -  |x Filosofía 
650 |a Lógica 
650 |a Etica 
650 |a Estética 
650 |a Psicología -  |x Generalidades 
650 |a Ontología 
650 |a Metafísica 
650 |a Filosofía -  |x Historia y Crítica 
650 |a Filosofía -  |x Generalidades -  |x Tema Principal 
910 |a Fondo General 
920 |a Impresos - Libros 
930 |a Libros Antiguos y Raros 
905 |a 108 
901 |a 0500273011  |b IT2  |c LRA  |u 20250526 
902 |a https://opac.biblio.iteso.mx/vufind/Record/000378687